000 01109nam2a22002531 4500
001 RU\NLR\INFOCOMM4\1000595947
005 20250617141011.0
035 _a(NLR Aleph) 002653443
090 _a3891679
_c3891679
100 _a20040726d1984 |||y0rusy50 ca
101 0 _arus
102 _aRU
105 _ay |||||||||
200 1 _aВирусные и вирусоподобные заболевания лесных пород и борьба с ними
_fП.В. Деревянкин
210 _d1984
_aБ. м.
461 0 _1001RU\NLR\INFOCOMM4\1000595935
_12001#$aОхрана и защита леса$eОбзор. информ.$fГос. ком. СССР по лесн. хоз-ву ЦБНТИ$v1984, Вып.2
_93887176
_cМ.
_d1979-1988
_fГос. ком. СССР по лесн. хоз-ву ЦБНТИ
_oОбзор. информ.
_tОхрана и защита леса
_x0130-9129
_v1984, Вып.2
700 1 _aДеревянкин
_bП.В.
_4070
801 1 _aRU
_bInfoComm
_c20040726
801 0 _aRU
_bNLR
_gPSBO
852 _aNLR
_jП13/1609
942 _cISSUE
980 _aNB
980 _aRUSPER